[Event "LLWestMV2014-15"]
[Site "?"]
[Date "2014.09.21"]
[Round "1.1"]
[White "Montag, Ralf"]
[Black "Schreiber, Felix"]
[Result "1/2-1/2"]
[WhiteElo "1937"]
[BlackElo "1809"]
[PlyCount "69"]
[EventType "team-tourn"]
[EventRounds "9"]
[WhiteTeam "Volley-Tigers Ludwigslust 2000"]
[BlackTeam "SC Mecklenburger Springer"]

1. e4 c5 2. Nc3 e6 3. g3 Nc6 4. Bg2 g6 5. d3 Bg7 6. Be3 d6 7. Qd2 Nd4 8. Nd1
Rb8 9. c3 Nc6 10. Ne2 h5 11. h3 Nge7 12. O-O b5 13. d4 cxd4 14. Nxd4 Nxd4 15.
Bxd4 O-O 16. Bxg7 Kxg7 17. Qd4+ Kg8 18. Qxa7 Nc6 19. Qe3 Kg7 20. f4 Qb6 21. Rf2
Qxe3 22. Nxe3 Rd8 23. Rd1 Ra8 24. c4 bxc4 25. Nxc4 d5 26. exd5 exd5 27. Rxd5
Rxa2 28. Rxd8 Nxd8 29. Bd5 Bxh3 30. b4 Ra1+ 31. Kh2 Be6 32. Bxe6 Nxe6 33. Rb2
Rc1 34. Ne5 f6 35. Nf3 1/2-1/2

[Event "LLWestMV2014-15"]
[Site "?"]
[Date "2014.09.21"]
[Round "1.2"]
[White "Konrad, Andreas"]
[Black "Wiemer, Juergen"]
[Result "1/2-1/2"]
[WhiteElo "1734"]
[BlackElo "1916"]
[PlyCount "89"]
[EventType "team-tourn"]
[EventRounds "9"]
[WhiteTeam "SC Mecklenburger Springer"]
[BlackTeam "Volley-Tigers Ludwigslust 2000"]

1. e4 e5 2. Nf3 Nc6 3. Bc4 Be7 4. d3 Nf6 5. O-O d6 6. Ng5 O-O 7. f4 h6 8. Nf3
a6 9. a3 exf4 10. Bxf4 d5 11. exd5 Nxd5 12. Bxd5 Qxd5 13. Qd2 Nd4 14. Nc3 Nxf3+
15. Rxf3 Qh5 16. Ne4 Bg4 17. Re3 f5 18. Ng3 Qf7 19. Rae1 Bc5 20. d4 Rad8 21.
Be5 Rfe8 22. c3 Bd6 23. Bxd6 Rxe3 24. Qxe3 cxd6 25. Rf1 Rf8 26. h3 f4 27. Qd2
Be6 28. Ne4 Qg6 29. Rxf4 Rxf4 30. Qxf4 Bxh3 31. Qf3 Bg4 32. Qf4 d5 33. Nf2 Bc8
34. Qe5 Qb1+ 35. Kh2 Qf5 36. Qe3 b6 37. Nd3 Qh5+ 38. Kg1 Bf5 39. Nf4 Qd1+ 40.
Kh2 Be4 41. Qg3 g5 42. Ne6 Kf7 43. Nd8+ Ke8 44. Nc6 Qh5+ 45. Kg1 1/2-1/2

[Event "LLWestMV2014-15"]
[Site "?"]
[Date "2014.09.21"]
[Round "1.3"]
[White "Illgen, Alexander"]
[Black "Knoop, Sascha"]
[Result "1-0"]
[WhiteElo "1898"]
[BlackElo "1729"]
[PlyCount "51"]
[EventType "team-tourn"]
[EventRounds "9"]
[WhiteTeam "Volley-Tigers Ludwigslust 2000"]
[BlackTeam "SC Mecklenburger Springer"]

1. d4 Nf6 2. c4 e6 3. Nc3 d5 4. Bg5 Be7 5. e3 h6 6. Bxf6 Bxf6 7. cxd5 exd5 8.
Qc2 O-O 9. Be2 c6 10. Nf3 Re8 11. O-O Nd7 12. b4 a6 13. a4 Be7 14. b5 axb5 15.
axb5 Rxa1 16. Rxa1 Nf6 17. bxc6 bxc6 18. Na4 Ne4 19. Qxc6 Bg4 20. Nb6 Bh4 21.
Ra8 Bxf2+ 22. Kf1 Qxa8 23. Nxa8 Rc8 24. Nc7 Bxe3 25. Qxd5 Nf6 26. Qe5 1-0

[Event "LLWestMV2014-15"]
[Site "?"]
[Date "2014.09.21"]
[Round "1.4"]
[White "Schreiber, Nico"]
[Black "Krueger, Horst"]
[Result "1/2-1/2"]
[WhiteElo "1706"]
[BlackElo "1897"]
[PlyCount "68"]
[EventType "team-tourn"]
[EventRounds "9"]
[WhiteTeam "SC Mecklenburger Springer"]
[BlackTeam "Volley-Tigers Ludwigslust 2000"]

1. d4 d5 2. Bf4 Nf6 3. e3 Bf5 4. c4 c6 5. Nc3 e6 6. Qb3 Qb6 7. c5 Qxb3 8. axb3
Nfd7 9. Nf3 f6 10. b4 Be4 11. Nd2 Bc2 12. Bc7 Be7 13. b5 Bd8 14. Bxd8 Kxd8 15.
b4 e5 16. Ra2 exd4 17. Rxc2 dxc3 18. Rxc3 Re8 19. Kd1 cxb5 20. Bxb5 Nc6 21.
Bxc6 bxc6 22. Ra3 Kc7 23. Kc2 Reb8 24. Kc3 a5 25. bxa5 Nxc5 26. Rha1 Ra6 27. f3
f5 28. Kd4 Kd6 29. Kc3 Rb5 30. Rd1 Ke6 31. Rda1 Nb7 32. Nb3 c5 33. Ra4 Nd6 34.
h3 g6 1/2-1/2

[Event "LLWestMV2014-15"]
[Site "?"]
[Date "2014.09.21"]
[Round "1.5"]
[White "Hilpert, Andreas"]
[Black "Goldbach, Aaron"]
[Result "0-1"]
[WhiteElo "1835"]
[BlackElo "1696"]
[PlyCount "100"]
[EventType "team-tourn"]
[EventRounds "9"]
[WhiteTeam "Volley-Tigers Ludwigslust 2000"]
[BlackTeam "SC Mecklenburger Springer"]

1. e4 c5 2. Nc3 e6 3. g3 Nc6 4. Bg2 Qc7 5. Nge2 a6 6. a4 Nf6 7. O-O Be7 8. d3
O-O 9. f4 b6 10. h3 Bb7 11. g4 Nb4 12. Ng3 d5 13. e5 Nd7 14. Nce2 d4 15. Ne4
Nd5 16. g5 b5 17. N2g3 Rac8 18. Qg4 c4 19. Nf6+ Kh8 20. Nxd5 Bxd5 21. Bxd5 exd5
22. Nf5 Nb8 23. axb5 axb5 24. Bd2 c3 25. bxc3 dxc3 26. Be3 Bc5 27. d4 Be7 28.
Ra8 Nc6 29. Rxc8 Rxc8 30. Ra1 Bf8 31. Nd6 Rb8 32. Qf5 Kg8 33. Qd3 Nb4 34. Qe2
Bxd6 35. exd6 Qxd6 36. Bc1 Qg6 37. Qe5 Rc8 38. Qe7 Nxc2 39. Qd7 Rf8 40. f5 Qb6
41. Ra7 Qxd4+ 42. Kg2 Qe4+ 43. Kg3 Qe1+ 44. Kg4 Qxc1 45. g6 Qd1+ 46. Kh4 Qe1+
47. Kg4 hxg6 48. fxg6 Qg1+ 49. Kh4 Qxg6 50. Qxd5 Ne3 0-1

[Event "LLWestMV2014-15"]
[Site "?"]
[Date "2014.09.21"]
[Round "1.6"]
[White "Hopp, Peter"]
[Black "Mitscherling, Reinhard"]
[Result "1/2-1/2"]
[WhiteElo "1629"]
[BlackElo "1791"]
[PlyCount "34"]
[EventType "team-tourn"]
[EventRounds "9"]
[WhiteTeam "SC Mecklenburger Springer"]
[BlackTeam "Volley-Tigers Ludwigslust 2000"]

1. e4 e5 2. Nf3 Nc6 3. Bc4 Be7 4. Nc3 Nf6 5. d3 O-O 6. O-O d6 7. h3 Na5 8. Bb3
Nxb3 9. axb3 h6 10. Be3 a6 11. Ne1 Be6 12. f4 exf4 13. Bxf4 Nh7 14. Nf3 Ng5 15.
Qd2 Nxf3+ 16. Rxf3 Bg5 17. Bxg5 Qxg5 1/2-1/2

[Event "LLWestMV2014-15"]
[Site "?"]
[Date "2014.09.21"]
[Round "1.7"]
[White "Emmrich, Olaf"]
[Black "Wittenburg, Philipp"]
[Result "1-0"]
[WhiteElo "1785"]
[BlackElo "1507"]
[PlyCount "59"]
[EventType "team-tourn"]
[EventRounds "9"]
[WhiteTeam "Volley-Tigers Ludwigslust 2000"]
[BlackTeam "SC Mecklenburger Springer"]

1. e4 d5 2. exd5 Qxd5 3. Nf3 Nf6 4. d4 g6 5. Nc3 Qd8 6. Bc4 Bg7 7. Ne5 e6 8.
Bg5 h6 9. Bh4 g5 10. Bg3 Nbd7 11. Qe2 Nb6 12. Bb5+ Bd7 13. Nxd7 Nfxd7 14. Be5
f6 15. Bg3 Kf7 16. Rd1 c6 17. Qh5+ Ke7 18. Be2 f5 19. Qg6 Qg8 20. f4 Nf8 21.
Qh5 g4 22. h3 gxh3 23. Qxh3 Ng6 24. Bh5 Qh7 25. O-O Nc4 26. Rfe1 Nxb2 27. Qxf5
Nxf4 28. Qxf4 e5 29. Qf7+ Kd8 30. dxe5+ 1-0

[Event "LLWestMV2014-15"]
[Site "?"]
[Date "2014.09.21"]
[Round "1.7"]
[White "Czichi, Joerg"]
[Black "Altenburg, Reiner"]
[Result "0-1"]
[WhiteElo "1486"]
[BlackElo "1642"]
[PlyCount "96"]
[EventType "team-tourn"]
[EventRounds "9"]
[WhiteTeam "SC Mecklenburger Springer"]
[BlackTeam "Volley-Tigers Ludwigslust 2000"]

1. d4 c5 2. e3 cxd4 3. exd4 Nf6 4. Nf3 g6 5. Be2 Bg7 6. c3 d5 7. O-O O-O 8. h3
Ne4 9. Bf4 Nd7 10. Qc2 Ndf6 11. Nbd2 Bf5 12. Bd3 Rc8 13. Rae1 Nxd2 14. Bxd2 Ne4
15. Be3 Nd6 16. Bxf5 Nxf5 17. Qd3 Qc7 18. Bc1 Rfe8 19. Re2 Qc4 20. Qxc4 Rxc4
21. Rfe1 e6 22. Bf4 Rc6 23. g4 Nd6 24. Bxd6 Rxd6 25. g5 h5 26. Ne5 b5 27. Nd3
Ra6 28. a3 Bf8 29. Ne5 Be7 30. f4 Rd6 31. Kf2 a5 32. Nd3 Rc6 33. Ne5 Rc7 34.
Nd3 Rb8 35. Rc1 Bd6 36. Kf3 Kf8 37. Rcc2 Rcb7 38. b4 Ra7 39. Nc5 axb4 40. axb4
Rba8 41. Nb3 Ra3 42. Na5 Bxb4 43. Nb7 Bxc3 44. Re3 b4 45. Rexc3 Rxc3+ 46. Rxc3
bxc3 47. Nc5 c2 48. Nd3 Ra3 0-1

[Event "LLWestMV2014-15"]
[Site "?"]
[Date "2014.09.21"]
[Round "1.1"]
[White "Stadler, Bertino"]
[Black "Borchert, Chris"]
[Result "0-1"]
[WhiteElo "1675"]
[BlackElo "2022"]
[PlyCount "70"]
[EventType "team-tourn"]
[EventRounds "9"]
[WhiteTeam "SV Empor Kuehlungsborn"]
[BlackTeam "SV Malchower Schachinsel"]

1. e4 c6 2. d3 d5 3. exd5 cxd5 4. c3 Nc6 5. g3 e5 6. Bg2 Bc5 7. Ne2 Nf6 8. O-O
O-O 9. d4 exd4 10. cxd4 Bb6 11. Nbc3 h6 12. h3 Bf5 13. a3 Qd7 14. Kh2 Be4 15.
Be3 Bxg2 16. Kxg2 Rfe8 17. Nf4 Ne7 18. Qf3 Rad8 19. Nd3 Nf5 20. Ne2 Ne4 21. Ne5
Rxe5 22. dxe5 Nxe3+ 23. fxe3 Nd2 24. Qf4 Nxf1 25. Rxf1 Re8 26. Nd4 Qe7 27. Nf5
Qxe5 28. Nxh6+ gxh6 29. Qxf7+ Kh8 30. Rf3 Qxb2+ 31. Rf2 Qe5 32. Kh2 Rg8 33. Rf4
Bxe3 34. Rg4 Qb2+ 35. Kh1 Qc1+ 0-1

[Event "LLWestMV2014-15"]
[Site "?"]
[Date "2014.09.21"]
[Round "1.2"]
[White "Arning, Norbert"]
[Black "Kornblum, Harry"]
[Result "1-0"]
[WhiteElo "1939"]
[BlackElo "1870"]
[PlyCount "107"]
[EventType "team-tourn"]
[EventRounds "9"]
[WhiteTeam "SV Malchower Schachinsel"]
[BlackTeam "SV Empor Kuehlungsborn"]

1. e4 d6 2. d4 Nf6 3. Nc3 g6 4. f4 Bg7 5. e5 dxe5 6. fxe5 Nd5 7. Nf3 O-O 8. Bc4
c6 9. Qe2 Bg4 10. h3 Bxf3 11. Qxf3 Nb6 12. Qd3 c5 13. Be3 Nc6 14. dxc5 Nxc4 15.
Qxc4 Nxe5 16. Qe2 Qa5 17. O-O Rad8 18. Rad1 Nc6 19. Rxd8 Rxd8 20. Qc4 e6 21.
Ne4 Qb4 22. Qxb4 Nxb4 23. c3 Nd5 24. Bc1 h6 25. a3 g5 26. g4 Rd7 27. c4 Ne7 28.
b4 Nc6 29. b5 Na5 30. Bd2 Nxc4 31. Bc3 Nxa3 32. Bxg7 Kxg7 33. c6 bxc6 34. bxc6
Rc7 35. Nd6 Rxc6 36. Rxf7+ Kg8 37. Rxa7 Nc2 38. Ne4 Ne3 39. Nf6+ Kf8 40. Nd7+
Ke8 41. Nf6+ Kd8 42. Rd7+ Kc8 43. Rh7 Nd5 44. Rxh6 Nf4 45. Ne4 Rc1+ 46. Kf2
Rc2+ 47. Kf3 e5 48. Nxg5 Kd7 49. Ke4 Re2+ 50. Kf5 Nd5 51. Ne4 Ke7 52. Rh7+ Kf8
53. g5 Ne7+ 54. Kxe5 1-0

[Event "LLWestMV2014-15"]
[Site "?"]
[Date "2014.09.21"]
[Round "1.3"]
[White "Busz, Stephan"]
[Black "Schmidt, Joerg"]
[Result "0-1"]
[WhiteElo "1887"]
[BlackElo "1917"]
[PlyCount "46"]
[EventType "team-tourn"]
[EventRounds "9"]
[WhiteTeam "SV Empor Kuehlungsborn"]
[BlackTeam "SV Malchower Schachinsel"]

1. d4 d5 2. Bf4 c6 3. Nf3 Nf6 4. e3 Bf5 5. c4 e6 6. Qb3 Qb6 7. c5 Qxb3 8. axb3
Nbd7 9. h3 Be7 10. Nc3 O-O 11. g4 Be4 12. Nxe4 Nxe4 13. Bd3 f5 14. g5 e5 15.
Nxe5 Nxe5 16. Bxe5 Nxg5 17. Ke2 a6 18. Rhg1 Rae8 19. Rg2 Ne6 20. Rag1 g6 21. b4
Bf6 22. Rxg6+ hxg6 23. Rxg6+ Bg7 0-1

[Event "LLWestMV2014-15"]
[Site "?"]
[Date "2014.09.21"]
[Round "1.4"]
[White "Kuehn, Peter"]
[Black "Gipp, Thomas"]
[Result "1-0"]
[WhiteElo "1835"]
[BlackElo "1859"]
[PlyCount "87"]
[EventType "team-tourn"]
[EventRounds "9"]
[WhiteTeam "SV Malchower Schachinsel"]
[BlackTeam "SV Empor Kuehlungsborn"]

1. e4 c5 2. Nf3 a6 3. c4 Nc6 4. d4 cxd4 5. Nxd4 Nf6 6. Nc3 g6 7. Be3 d6 8. Be2
Bg7 9. O-O O-O 10. Qd2 Bd7 11. f4 Bg4 12. Nf3 Qa5 13. Rac1 Rac8 14. h3 Bxf3 15.
Bxf3 Rfd8 16. Rfd1 Rd7 17. Qf2 Qd8 18. Na4 Rb8 19. Nb6 Rc7 20. e5 Ne8 21. c5
Kh8 22. cxd6 exd6 23. exd6 Nxd6 24. Bc5 Bf8 25. Bxd6 Bxd6 26. Nc4 Rd7 27. Bxc6
Bc5 28. Qxc5 Rxd1+ 29. Rxd1 Qxd1+ 30. Kh2 Kg8 31. Bd5 b5 32. Ne5 Rf8 33. Nd7
Rd8 34. Nf6+ Kg7 35. Qc3 b4 36. Nh5+ Kf8 37. Qg7+ Ke7 38. Qxf7+ Kd6 39. Qf6+
Kc5 40. Qxd8 gxh5 41. Qc7+ Kd4 42. Qe5+ Kd3 43. Qe4+ Kd2 44. Qd4+ 1-0

[Event "LLWestMV2014-15"]
[Site "?"]
[Date "2014.09.21"]
[Round "1.6"]
[White "Reeps, Rickert"]
[Black "Prueter, Reinhard"]
[Result "1-0"]
[WhiteElo "1682"]
[BlackElo "1636"]
[PlyCount "93"]
[EventType "team-tourn"]
[EventRounds "9"]
[WhiteTeam "SV Malchower Schachinsel"]
[BlackTeam "SV Empor Kuehlungsborn"]

1. d4 Nf6 2. Nf3 g6 3. b3 d5 4. Bb2 Bg7 5. e3 O-O 6. Bd3 Nc6 7. O-O Re8 8. Nbd2
Nb4 9. Be2 Bf5 10. c3 Nc6 11. c4 e6 12. a3 a5 13. Rc1 Ne7 14. Ne5 h5 15. h3 Nc6
16. cxd5 exd5 17. Nxc6 bxc6 18. Rxc6 Bd7 19. Rc1 Bf8 20. Nf3 Bd6 21. Ne5 Qe7
22. a4 Rec8 23. Nc6 Qf8 24. Bb5 Kh7 25. Bc3 Ne4 26. Qe1 Nxc3 27. Qxc3 Bxc6 28.
Bxc6 Bb4 29. Qd3 Ra7 30. Bxd5 c5 31. Bf3 Rd8 32. d5 Rad7 33. e4 Qg7 34. Be2 Ba3
35. Rc2 Qe5 36. f4 Qe7 37. Bf3 Qh4 38. Qe3 Qe7 39. Kh1 Bb4 40. Rd1 Kg7 41. Qd3
Qh4 42. Qe3 Qg3 43. Re2 Re7 44. e5 Kh6 45. d6 Red7 46. f5+ g5 47. Bc6 1-0

[Event "LLWestMV2014-15"]
[Site "?"]
[Date "2014.09.21"]
[Round "1.7"]
[White "Wahrmann, Eric"]
[Black "Behnke, Thomas"]
[Result "1/2-1/2"]
[WhiteElo "1555"]
[BlackElo "1481"]
[PlyCount "52"]
[EventType "team-tourn"]
[EventRounds "9"]
[WhiteTeam "SV Empor Kuehlungsborn"]
[BlackTeam "SV Malchower Schachinsel"]

1. e4 c5 2. Nf3 d6 3. c3 Nf6 4. Be2 Qc7 5. d3 e6 6. Be3 a6 7. Nbd2 b5 8. Rc1
Bb7 9. h3 Be7 10. a3 Nbd7 11. O-O O-O 12. Nh2 d5 13. exd5 Nxd5 14. Qc2 f5 15.
Ndf3 Nxe3 16. fxe3 Qg3 17. Rfe1 g5 18. Nf1 Qc7 19. N3d2 g4 20. hxg4 Bh4 21.
Red1 fxg4 22. Bxg4 Bf2+ 23. Kh1 Rf6 24. e4 Rh6+ 25. Bh3 Ne5 26. Nh2 c4 1/2-1/2

[Event "LLWestMV2014-15"]
[Site "?"]
[Date "2014.09.21"]
[Round "1.8"]
[White "Tamrazyan, Gohar"]
[Black "Silwedel, Bjoern"]
[Result "0-1"]
[WhiteElo "1424"]
[BlackElo "1486"]
[PlyCount "58"]
[EventType "team-tourn"]
[EventRounds "9"]
[WhiteTeam "SV Malchower Schachinsel"]
[BlackTeam "SV Empor Kuehlungsborn"]

1. d4 c5 2. c3 d5 3. Qc2 Qc7 4. Nf3 Nc6 5. dxc5 e5 6. b4 Nf6 7. Qb2 b6 8. cxb6
Qxb6 9. Bd2 Ne4 10. e3 Be7 11. a3 Ba6 12. b5 Na5 13. a4 f6 14. Qc2 Bb7 15. Bd3
Nxd2 16. Nfxd2 e4 17. Be2 O-O 18. O-O Rac8 19. Qa2 Kh8 20. Rc1 f5 21. Nf1 f4
22. Bg4 Rc7 23. Rc2 Qg6 24. Bh3 Bc5 25. exf4 Rxf4 26. g3 Rcf7 27. Be6 Bxf2+ 28.
Kh1 e3 29. Bxd5 Qe4+ 0-1

[Event "LLWestMV2014-15"]
[Site "?"]
[Date "2014.09.21"]
[Round "1.1"]
[White "Dupke, Andreas"]
[Black "Martens, Rolf-Dieter"]
[Result "1-0"]
[WhiteElo "1772"]
[BlackElo "1871"]
[PlyCount "63"]
[EventType "team-tourn"]
[EventRounds "9"]
[WhiteTeam "SG Eintracht Neubrandenburg II"]
[BlackTeam "SV Einheit Schwerin"]

1. e4 c5 2. Nc3 Nc6 3. g3 d6 4. d3 Nf6 5. Bg2 g6 6. Nge2 Bg7 7. f4 e5 8. O-O
O-O 9. h3 a6 10. g4 b5 11. g5 Nh5 12. f5 f6 13. h4 fxg5 14. hxg5 Rf7 15. Bf3
Raa7 16. Bxh5 gxh5 17. Ng3 h4 18. Nh5 Nd4 19. Nd5 Rf8 20. c3 Nc6 21. Qe1 b4 22.
Qxh4 bxc3 23. bxc3 Rb7 24. Be3 Rff7 25. Rf2 Qa5 26. Raf1 Qb5 27. c4 Qa5 28. g6
hxg6 29. Nhf6+ Bxf6 30. Nxf6+ Kf8 31. Qh8+ Ke7 32. Qe8+ 1-0

[Event "LLWestMV2014-15"]
[Site "?"]
[Date "2014.09.21"]
[Round "1.2"]
[White "Hess, Bernd"]
[Black "Zabka, Helge, Dr."]
[Result "1/2-1/2"]
[WhiteElo "1743"]
[BlackElo "1648"]
[PlyCount "49"]
[EventType "team-tourn"]
[EventRounds "9"]
[WhiteTeam "SV Einheit Schwerin"]
[BlackTeam "SG Eintracht Neubrandenburg II"]

1. Nf3 b5 2. d4 Nf6 3. e3 a6 4. a4 b4 5. c3 e6 6. Bd3 Bb7 7. O-O d5 8. Bd2 c5
9. dxc5 bxc3 10. Bxc3 Bxc5 11. b4 Be7 12. Nbd2 Nbd7 13. Rb1 h6 14. Ba1 O-O 15.
Ne5 Nxe5 16. Bxe5 Bd6 17. Bxd6 Qxd6 18. Qe2 Rfc8 19. e4 Qc6 20. b5 axb5 21.
axb5 Qc3 22. exd5 Bxd5 23. Ne4 Nxe4 24. Bxe4 Ra2 25. Qd3 1/2-1/2

[Event "LLWestMV2014-15"]
[Site "?"]
[Date "2014.09.21"]
[Round "1.3"]
[White "Meyer, Detlef"]
[Black "Fleischer, Matthias"]
[Result "0-1"]
[WhiteElo "1808"]
[BlackElo "1709"]
[PlyCount "74"]
[EventType "team-tourn"]
[EventRounds "9"]
[WhiteTeam "SG Eintracht Neubrandenburg II"]
[BlackTeam "SV Einheit Schwerin"]

1. e4 d5 2. exd5 Nf6 3. Nc3 Nxd5 4. Nxd5 Qxd5 5. d4 e6 6. Nf3 c5 7. Be3 Nc6 8.
c4 Qd8 9. Be2 Qa5+ 10. Bd2 Qb6 11. Bc3 cxd4 12. Nxd4 Bc5 13. Nxc6 Bxf2+ 14. Kf1
bxc6 15. Bxg7 Rg8 16. Bf6 Bc5 17. Qd3 Rg6 18. Bh4 Ba6 19. Rd1 Qc7 20. Bf3 Kf8
21. Bg3 e5 22. Qc3 Re8 23. b4 Bb6 24. a4 Qe7 25. a5 Bd4 26. Qb3 Qe6 27. Be2 Rb8
28. Ke1 Qe7 29. b5 Bc5 30. Rb1 Bc8 31. Rf1 Be6 32. Bxe5 Rxb5 33. Qc2 Bxc4 34.
Rxb5 cxb5 35. Qf5 Bb4+ 36. Kf2 Qc5+ 37. Kf3 Bd5+ 0-1

[Event "LLWestMV2014-15"]
[Site "?"]
[Date "2014.09.21"]
[Round "1.4"]
[White "Fleischer, Martin"]
[Black "Witkowski, Rainer"]
[Result "1/2-1/2"]
[WhiteElo "1655"]
[BlackElo "1806"]
[PlyCount "71"]
[EventType "team-tourn"]
[EventRounds "9"]
[WhiteTeam "SV Einheit Schwerin"]
[BlackTeam "SG Eintracht Neubrandenburg II"]

1. e4 e6 2. d4 d5 3. exd5 exd5 4. Nf3 Bd6 5. Bd3 Ne7 6. Bg5 f6 7. Bh4 O-O 8. c4
c6 9. Qc2 g6 10. Nbd2 Bf5 11. O-O Na6 12. a3 Nc7 13. c5 Bf4 14. b4 Bxd3 15.
Qxd3 Nf5 16. Rfe1 a5 17. bxa5 Rxa5 18. Rab1 Qa8 19. Rb3 Bxd2 20. Qxd2 Rxa3 21.
Rxa3 Qxa3 22. Qf4 Nxh4 23. Qxc7 Nxf3+ 24. gxf3 Rf7 25. Re8+ Kg7 26. Qf4 g5 27.
Qg4 Qd3 28. Qc8 Qxf3 29. Rg8+ Kh6 30. Qe6 Rg7 31. Rf8 Kg6 32. Qe8+ Kh6 33. Qe6
Kg6 34. Qe8+ Kh6 35. Qe6 Kg6 36. Qe8+ 1/2-1/2

[Event "LLWestMV2014-15"]
[Site "?"]
[Date "2014.09.21"]
[Round "1.5"]
[White "Leisner, Ekkehardt"]
[Black "Thiel, Bernd-Peter"]
[Result "1/2-1/2"]
[WhiteElo "1616"]
[BlackElo "1636"]
[PlyCount "30"]
[EventType "team-tourn"]
[EventRounds "9"]
[WhiteTeam "SG Eintracht Neubrandenburg II"]
[BlackTeam "SV Einheit Schwerin"]

1. c4 f5 2. g3 g6 3. Bg2 Bg7 4. d4 Nf6 5. Nc3 d6 6. e3 O-O 7. Nge2 c6 8. O-O
Qe8 9. b3 e5 10. Bb2 Nh5 11. Qd2 Na6 12. a3 Bd7 13. Rad1 Rd8 14. Rfe1 Qe7 15.
d5 c5 1/2-1/2

[Event "LLWestMV2014-15"]
[Site "?"]
[Date "2014.09.21"]
[Round "1.6"]
[White "Moews, Harald"]
[Black "Sommer, Hans-Hermann"]
[Result "0-1"]
[WhiteElo "1550"]
[BlackElo "1654"]
[PlyCount "70"]
[EventType "team-tourn"]
[EventRounds "9"]
[WhiteTeam "SV Einheit Schwerin"]
[BlackTeam "SG Eintracht Neubrandenburg II"]

1. e4 e5 2. Bc4 Nf6 3. Nc3 Be7 4. d3 d6 5. h3 Nc6 6. a3 Be6 7. Nd5 Nd4 8. c3
Bxd5 9. exd5 b5 10. Ba2 Nf5 11. Nf3 O-O 12. O-O g6 13. g4 Ng7 14. Bh6 Qd7 15.
Nd2 Rfe8 16. Ne4 Nxe4 17. dxe4 Rab8 18. Qe2 Bh4 19. Kg2 Re7 20. f4 f5 21. fxe5
Rxe5 22. Bxg7 Qxg7 23. Bb1 fxe4 24. Bc2 e3 25. Rf3 Bf2 26. Rd1 Rf8 27. Rd4 Qe7
28. Rff4 Rxf4 29. Rxf4 Kg7 30. Bb1 Qh4 31. Rf3 h5 32. Qxb5 hxg4 33. Qd7+ Re7
34. Qxg4 Qxg4+ 35. hxg4 e2 0-1

[Event "LLWestMV2014-15"]
[Site "?"]
[Date "2014.09.21"]
[Round "1.7"]
[White "Rehbein, Hans Juergen"]
[Black "Merz, Norbert"]
[Result "0-1"]
[WhiteElo "1622"]
[BlackElo "1747"]
[PlyCount "116"]
[EventType "team-tourn"]
[EventRounds "9"]
[WhiteTeam "SG Eintracht Neubrandenburg II"]
[BlackTeam "SV Einheit Schwerin"]

1. Nf3 e6 2. b3 c5 3. Bb2 d5 4. e3 Nc6 5. g3 Nf6 6. Bg2 Be7 7. d3 O-O 8. Nbd2
Qc7 9. O-O Rd8 10. d4 b6 11. c4 Ba6 12. Qc2 Nb4 13. Qc3 cxd4 14. Nxd4 Rac8 15.
a3 Nc6 16. Nxc6 Qxc6 17. Rac1 Qd7 18. Qe5 dxc4 19. Nxc4 Rc5 20. Qf4 Rf5 21. Qd4
Qb5 22. Qc3 Rc8 23. Qd3 Rd8 24. Qc3 Ne8 25. a4 Qc5 26. Ba3 Bf6 27. Qxf6 Nxf6
28. Bxc5 Rxc5 29. Rfd1 Rcc8 30. Bf1 Bxc4 31. Bxc4 Kf8 32. Ba6 Rxd1+ 33. Rxd1
Rc7 34. Rd2 Ke7 35. Kg2 Rc3 36. Bc4 Ne4 37. Rd4 Nd6 38. Rg4 g6 39. Rh4 h5 40.
Kf3 Nxc4 41. Rxc4 Rxc4 42. bxc4 Kd6 43. Ke4 Kc5 44. Ke5 Kxc4 45. Kf6 a5 46.
Kxf7 b5 47. axb5 Kxb5 48. Kxe6 a4 49. Kf7 a3 50. e4 a2 51. e5 a1=Q 52. e6 Qa2
53. f4 Kc6 54. Kf6 Kd6 55. Kxg6 Qxe6+ 56. Kxh5 Qh3+ 57. Kg5 Ke7 58. f5 Kf7 0-1

[Event "LLWestMV2014-15"]
[Site "?"]
[Date "2014.09.21"]
[Round "1.8"]
[White "Bulmann, Reinhard"]
[Black "Sonnenberg, Uwe"]
[Result "1/2-1/2"]
[WhiteElo "1459"]
[BlackElo "1592"]
[PlyCount "33"]
[EventType "team-tourn"]
[EventRounds "9"]
[WhiteTeam "SV Einheit Schwerin"]
[BlackTeam "SG Eintracht Neubrandenburg II"]

1. d4 d5 2. Bf4 Nf6 3. Nf3 e6 4. e3 Be7 5. Bd3 c6 6. c3 Nbd7 7. h3 h6 8. Nbd2
a6 9. O-O c5 10. Re1 b5 11. a4 c4 12. Bc2 b4 13. cxb4 Bxb4 14. Ne5 Nxe5 15.
Bxe5 Bd6 16. Bxd6 Qxd6 17. Nf3 1/2-1/2

[Event "LLWestMV2014-15"]
[Site "?"]
[Date "2014.09.21"]
[Round "1.3"]
[White "Schmidtke, Wilfried"]
[Black "Blume, Christian"]
[Result "1/2-1/2"]
[WhiteElo "1630"]
[BlackElo "1808"]
[PlyCount "24"]
[EventType "team-tourn"]
[EventRounds "9"]
[WhiteTeam "ASV GW Wismar II"]
[BlackTeam "Putlitzer SV"]

1. b4 c6 2. Bb2 d6 3. e3 e5 4. c4 Be6 5. Nc3 Be7 6. a4 Nf6 7. d3 O-O 8. Nf3 h6
9. Be2 Nbd7 10. O-O Qc7 11. b5 Rfc8 12. a5 a6 1/2-1/2

[Event "LLWestMV2014-15"]
[Site "?"]
[Date "2014.09.21"]
[Round "1.6"]
[White "Gottschalk, Maik"]
[Black "Hung, Daniel"]
[Result "1/2-1/2"]
[WhiteElo "1675"]
[BlackElo "1148"]
[PlyCount "33"]
[EventType "team-tourn"]
[EventRounds "9"]
[WhiteTeam "Putlitzer SV"]
[BlackTeam "ASV GW Wismar II"]

1. d4 d5 2. e3 c6 3. Bd3 Nf6 4. Nd2 g6 5. c3 Bg7 6. Ne2 O-O 7. Ng3 Re8 8. Qc2
e5 9. dxe5 Rxe5 10. Nf3 Re8 11. Bd2 Nbd7 12. O-O Nc5 13. Rad1 Bg4 14. Be2 Nfe4
15. Nxe4 dxe4 16. Nd4 Bxe2 17. Nxe2 1/2-1/2

[Event "LLWestMV2014-15"]
[Site "?"]
[Date "2014.09.21"]
[Round "1.7"]
[White "Brockmann, Knut"]
[Black "Feige, Detlef"]
[Result "1/2-1/2"]
[WhiteElo "1153"]
[BlackElo "1599"]
[PlyCount "37"]
[EventType "team-tourn"]
[EventRounds "9"]
[WhiteTeam "ASV GW Wismar II"]
[BlackTeam "Putlitzer SV"]

1. d4 Nf6 2. c4 d5 3. Nc3 c6 4. Bf4 Bf5 5. e3 e6 6. Bd3 Bxd3 7. Qxd3 Nbd7 8.
Nge2 Be7 9. h3 dxc4 10. Qxc4 Nb6 11. Qd3 Nbd5 12. a3 Rc8 13. O-O Nxf4 14. Nxf4
O-O 15. Rad1 Bd6 16. Ne4 Bxf4 17. exf4 Nxe4 18. Qxe4 Qf6 19. Rfe1 1/2-1/2

[Event "LLWestMV2014-15"]
[Site "?"]
[Date "2014.09.21"]
[Round "1.8"]
[White "Paetzke, Bernd"]
[Black "Madaus, Hans"]
[Result "1/2-1/2"]
[WhiteElo "1443"]
[BlackElo "1316"]
[PlyCount "37"]
[EventType "team-tourn"]
[EventRounds "9"]
[WhiteTeam "Putlitzer SV"]
[BlackTeam "ASV GW Wismar II"]

1. d4 d5 2. Nf3 Nf6 3. c4 Bg4 4. Nc3 e6 5. Ne5 Bh5 6. Bg5 Be7 7. Qb3 b6 8. Qb5+
Nbd7 9. Nc6 Qc8 10. Nxe7 Kxe7 11. cxd5 exd5 12. Nxd5+ Kd8 13. Nxf6 gxf6 14. Bh4
Bg6 15. Qc6 Qa6 16. Qxa8+ Ke7 17. Qxh8 Qa5+ 18. Kd1 Qa4+ 19. Ke1 1/2-1/2

[Event "LLWestMV2014-15"]
[Site "?"]
[Date "2014.09.21"]
[Round "1.1"]
[White "Graffenberger, Martin"]
[Black "Rabinowitsch, Juri"]
[Result "1/2-1/2"]
[WhiteElo "1865"]
[BlackElo "1891"]
[PlyCount "74"]
[EventType "team-tourn"]
[EventRounds "9"]
[WhiteTeam "VfL Blau Weisz Neukloster"]
[BlackTeam "SF Schwerin IV"]

1. e4 c5 2. Nf3 d6 3. c3 Nf6 4. Bb5+ Bd7 5. Bxd7+ Nbxd7 6. Qe2 Qc7 7. O-O e6 8.
d4 Be7 9. Bf4 O-O 10. h3 a6 11. a4 Rfe8 12. Nbd2 Rac8 13. dxc5 Qxc5 14. Be3 Qh5
15. Rfe1 h6 16. Bf4 Qc5 17. Be3 Qh5 18. Bf4 Qc5 19. Ra3 Nh7 20. b4 Qh5 21. c4
e5 22. Bh2 Ng5 23. Nxg5 Qxe2 24. Rxe2 Bxg5 25. f4 Bxf4 26. Bxf4 exf4 27. Rd3
Ne5 28. Rxd6 Nxc4 29. Rd7 Nxd2 30. Rexd2 b5 31. axb5 axb5 32. Rb7 Rxe4 33. Rxb5
Rc1+ 34. Kf2 Rb1 35. Rb8+ Kh7 36. Rb7 Rexb4 37. Rxf7 R1b2 1/2-1/2